| 000 | 00943cam a2200265 a 4500 | ||
|---|---|---|---|
| 005 | 20191224041532.0 | ||
| 008 | 900507s1991 ilua b 001 0 eng | ||
| 020 | _a0226075729 | ||
| 040 |
_aDLC _cDLC _dDLC _dCO-BoIAVH |
||
| 041 | 0 | _aeng | |
| 044 | _axxu | ||
| 082 | 0 | 4 |
_a576.88 _bB87p |
| 100 | 1 |
_aBrooks, Daniel R. _d1951- _eautor |
|
| 245 | 1 | 0 |
_aPhylogeny, ecology, and behavior : _ba research program in comparative biology / _cDaniel R. Brooks y Deborah A. McLennan. |
| 260 |
_aChicago : _bUniversity of Chicago Press, _c1991. |
||
| 300 |
_axii, 434 páginas : _bilustraciones ; _c24 x 15 cm. |
||
| 504 | _aIncluye referencias bibliográficas: páginas 379-411 e índice. | ||
| 650 | 2 | 6 | _aFilogenia |
| 650 | 2 | 6 | _aEvolución |
| 650 | 2 | 6 | _aEcología |
| 650 | 2 | 6 | _aComportamiento animal |
| 650 | 2 | 6 |
_aBiología _xInvestigación |
| 700 | 1 |
_aMcLennan, Deborah A. _eautora |
|
| 942 |
_2ddc _cLIBRO |
||
| 999 |
_c523 _d523 |
||